000 00316nam a2200133Ia 4500
005 20251222155139.0
008 251222s9999||||xx |||||||||||||| ||spa||
082 _aSIQ.07
100 _aSANCHEZ GARCIA.
245 0 _aManual Para Evaluar Caso Psiquiatrico
250 _a1ra. ed.
264 _bEximpres
942 _cLIB
999 _c39129
_d39129